How to study and use the Bible. (Record no. 3829)

000 -LEADER
fixed length control field 00520nam a2200181 a 4500
001 - CONTROL NUMBER
control field :::00001564$&:&@@
003 - CONTROL NUMBER IDENTIFIER
control field OkBaRHE
005 - DATE AND TIME OF LATEST TRANSACTION
control field 20000607103244.0
008 - FIXED-LENGTH DATA ELEMENTS--GENERAL INFORMATION
fixed length control field s1954 j 000 0 eng u
040 ## - CATALOGING SOURCE
Transcribing agency
100 1# - MAIN ENTRY--PERSONAL NAME
Personal name Miller, Park Hayes.
245 10 - TITLE STATEMENT
Title How to study and use the Bible.
260 ## - PUBLICATION, DISTRIBUTION, ETC. (IMPRINT)
Place of publication, distribution, etc Boston, MA., :
Name of publisher, distributor, etc W. A. Wilde Company
Date of publication, distribution, etc c1954
300 ## - PHYSICAL DESCRIPTION
Extent 142 p.
650 ## - SUBJECT ADDED ENTRY--TOPICAL TERM
Topical term or geographic name as entry element Bible Study
942 ## - ADDED ENTRY ELEMENTS (KOHA)
Source of classification or shelving scheme
Koha item type Books
Copies
Withdrawn status Lost status Copy number Permanent Location Shelving location Barcode Price effective from Damaged status Date acquired Full call number Date last seen Not for loan Source of classification or shelving scheme Koha item type
  1RHEMA Bible Training CollegeGeneral Stacks15642010-04-14 2010-04-14BS 600 .M42010-04-14  Books